Statystyki dla Aktorzy filmowi według kraju pochodzenia

Kliknij tutaj aby rozwiązać quiz!

Ogólne statystyki

  • Ten quiz został rozwiązany 188 razy
  • Średni wynik to 8 z 16

Statystyki odpowiedzi

Aktor:Kraj:% Poprawnych
Jackie ChanChiny / Hongkong
95%
Antonio BanderasHiszpania
94%
Aleksandr DomogarowRosja
91%
Jean Claude Van DammeBelgia
64%
Russell CroweAustralia
61%
Thomas KretschmannNiemcy
60%
Christoph WaltzAustria
53%
Pierce BrosnanIrlandia
53%
Keanu ReevesKanada
46%
Ken WatanabeJaponia
45%
Omar SharifEgipt
40%
Christopher LambertFrancja
31%
Rutger HauerHolandia
31%
Peter StormareSzwecja
21%
Terence HillWłochy
17%
Benicio del ToroPortoryko
14%

Rozkład punktacji

Percentyl według liczby udzielonych odpowiedzi

Procent ludzi z każdym wynikiem

Twoja historia wyników

Nie rozwiązałeś tego quizu